[Event "Vilafranca del Penedes op 12th"]
[Site "Vilafranca del Penedes"]
[Date "2018.05.25"]
[Round "8"]
[White "Mas Mestres, Jordi"]
[Black "Oliver Toribio, Joan"]
[Result "1/2-1/2"]
[WhiteElo "1787"]
[BlackElo "1907"]
[PlyCount "50"]
[EventDate "2018.04.06"]
[EventType "swiss"]
[EventRounds "8"]
[EventCountry "ESP"]
[SourceTitle "CBM 184 Extra"]
[Source "ChessBase"]
[SourceDate "2018.06.28"]
[SourceVersion "1"]
[SourceVersionDate "2018.06.28"]
[SourceQuality "1"]

1. d4 d5 2. Nf3 Nf6 3. Bf4 e6 4. e3 Be7 5. c4 c6 6. Nc3 0-0 7. Bd3 Nbd7 8. Ne5 Bb4 9. 0-0 Bxc3 10. bxc3 dxc4 11. Nxc4 Nd5 12. Bd6 Re8 13. Qc2 Qh4 14. Bg3 Qh5 15. e4 N5b6 16. Nd6 Rf8 17. a4 Nf6 18. c4 Ne8 19. a5 Nd7 20. Nxc8 Rxc8 21. Rfb1 b6 22. axb6 axb6 23. Ra7 Rd8 24. Rb7 Qa5 25. c5 bxc5 1/2-1/2

[Event "Foment Martinenc op-C 18th"]
[Site "Barcelona"]
[Date "2016.06.18"]
[Round "9"]
[White "Mas Mestres, Jordi"]
[Black "Roca Planas, Edgar"]
[Result "1-0"]
[WhiteElo "1845"]
[BlackElo "1779"]
[PlyCount "163"]
[EventDate "2016.04.23"]
[EventType "swiss"]
[EventRounds "9"]
[EventCountry "ESP"]
[SourceTitle "EXT 2017"]
[Source "ChessBase"]
[SourceDate "2016.10.25"]
[SourceVersion "1"]
[SourceVersionDate "2016.10.25"]
[SourceQuality "1"]

1. e4 c5 2. Nf3 Nc6 3. c4 e5 4. Be2 g6 5. 0-0 Bg7 6. d3 Nge7 7. Nc3 d6 8. h3 0-0 9. Be3 Nd4 10. Bxd4 cxd4 11. Nd5 f5 12. Nxe7+ Qxe7 13. Nd2 Bh6 14. Bf3 Qg5 15. Nb3 f4 16. Kh2 b6 17. Nd2 Bd7 18. Bg4 Bxg4 19. Qxg4 Qxg4 20. hxg4 Bg5 21. Nf3 Bd8 22. Rh1 a5 23. a4 Kg7 24. Kg1 h6 25. Kf1 g5 26. Ke2 Kg6 27. Nd2 Rh8 28. Rh5 Bc7 29. f3 Bb8 30. Nb1 Ra7 31. Na3 Kf6 32. Nb5 Rah7 33. Kd2 Ke6 34. Kc2 Kd7 35. Kb3 Kc6 36. Ka3 Bc7 37. Rah1 Kb7 38. b4 Kc6 39. Na7+ Kb7 40. Nb5 Kc6 41. Nxc7 Kxc7 42. bxa5 bxa5 43. Rb1 Rb8 44. Rb5 Ra8 45. Rh1 Kc6 46. Rhb1 Rc7 47. Rb6+ Kd7 48. R1b5 Rc6 49. Rxc6 Kxc6 50. Kb3 Kc7 51. c5 Ra6 52. cxd6+ Kxd6 53. Rd5+ Ke6 54. Kc4 Rc6+ 55. Rc5 Kd7 56. Kb5 Rxc5+ 57. Kxc5 Kc7 58. Kd5 Kb6 59. Kd6 Kb7 60. Kxe5 Kc6 61. Kxd4 Kd6 62. Kc4 Kc6 63. d4 Kd6 64. e5+ Ke6 65. Kc5 Kd7 66. d5 Ke7 67. e6 Kd8 68. d6 Ke8 69. Kc6 Kd8 70. e7+ Ke8 71. Kc7 Kf7 72. e8Q+ Kxe8 73. d7+ Ke7 74. d8Q+ Kf7 75. Qd5+ Kf6 76. Qf5+ Ke7 77. Qe5+ Kf7 78. Kd7 Kg6 79. Qf5+ Kg7 80. Ke7 Kg8 81. Qf7+ Kh8 82. Kf6 1-0

[Event "Foment Martinenc op-C 18th"]
[Site "Barcelona"]
[Date "2016.05.28"]
[Round "6"]
[White "Medinilla Moya, Dafne"]
[Black "Mas Mestres, Jordi"]
[Result "0-1"]
[WhiteElo "1746"]
[BlackElo "1845"]
[PlyCount "70"]
[EventDate "2016.04.23"]
[EventType "swiss"]
[EventRounds "9"]
[EventCountry "ESP"]
[SourceTitle "EXT 2017"]
[Source "ChessBase"]
[SourceDate "2016.10.25"]
[SourceVersion "1"]
[SourceVersionDate "2016.10.25"]
[SourceQuality "1"]

1. d4 c5 2. Nf3 cxd4 3. Nxd4 Nf6 4. Bf4 d6 5. Nf3 g6 6. e3 Bg7 7. Bd3 Qb6 8. b3 0-0 9. Nc3 Nh5 10. Qd2 Nxf4 11. exf4 Qc6 12. Bc4 b5 13. Nd5 Qd7 14. Bxb5 Qxb5 15. Nc7 Qc5 16. Nxa8 Bc3 17. 0-0 Bxd2 18. Nxd2 Bb7 19. c4 Bxa8 20. Rfe1 Re8 21. Ne4 Qc6 22. f3 Nd7 23. Rad1 Nc5 24. Nxc5 Qxc5+ 25. Kh1 Kf8 26. h3 Qf5 27. Rd4 e5 28. Rxd6 Qxf4 29. Rd7 e4 30. fxe4 Bxe4 31. Rg1 Qg3 32. Rxf7+ Kxf7 33. Rf1+ Kg7 34. Rf3 Bxf3 35. gxf3 Re1# 0-1

[Event "Vilafranca del Penedes op 7th"]
[Site "Vilafranca del Penedes"]
[Date "2013.04.05"]
[Round "1"]
[White "Avila Jimenez, Xavier"]
[Black "Mas Mestres, Jordi"]
[Result "1-0"]
[WhiteElo "2250"]
[BlackElo "1714"]
[PlyCount "61"]
[EventDate "2013.04.05"]
[EventType "swiss"]
[EventRounds "8"]
[EventCountry "ESP"]
[SourceTitle "EXT 2014"]
[Source "ChessBase"]
[SourceDate "2013.11.20"]
[SourceVersion "1"]
[SourceVersionDate "2013.11.20"]
[SourceQuality "1"]

1. d4 Nf6 2. c4 g6 3. Nc3 Bg7 4. e4 d6 5. f4 c5 6. d5 Nbd7 7. Nf3 0-0 8. Bd3 a6 9. 0-0 Rb8 10. Qe2 Qc7 11. Bd2 Nb6 12. e5 Ne8 13. h3 f5 14. Rae1 Nxc4 15. Bxc4 b5 16. Bb3 c4 17. Bc2 b4 18. Nd1 a5 19. Kh1 Bb7 20. Ne3 c3 21. bxc3 bxc3 22. Bc1 Qc5 23. Bb3 Nc7 24. Qc4 Ba6 25. Qxc5 dxc5 26. d6+ c4 27. dxc7 cxb3 28. cxb8Q Rxb8 29. Rf2 b2 30. Bxb2 cxb2 31. Rb1 1-0